Black Ferns Rugby - RWC 2021 Winning Team - Statistics

General Stats
  • This quiz has been taken 4 times
  • The average score is 2 of 15
Answer Stats
Positiion Player % Correct
11 Portia Woodman
67%
2 Georgia Ponsonby
33%
15 Renee Holmes
33%
10 Ruahei Demant
33%
14 Ruby Tui
33%
6 Alana Bremner
0%
3 Amy Rule
0%
8 Charmaine McMenamin
0%
5 Chelsea Bremner
0%
9 Kendra Cocksedge
0%
4 Maiakawanakaulani Roos
0%
1 Phillipa Love
0%
7 Sarah Hirini
0%
13 Stacey Fluhler
0%
12 Theresa Fitzpatrick
0%
No matching quizzes found
Score Distribution
Percent of People with Each Score
Percentile by Number Answered
Your Score History
You have not taken this quiz